000 00631nam a2200205Ia 4500
008 140306s9999 xx 000 0 und d
020 _a0273639897
041 _aeng
082 _a153.19
_bCHR/MA
100 _aChristopher, Bowring Carr
245 _aManaging Learning for Achievement : Strategies for Raising Achievement Through Effective Learning
260 _aLondon
_bPearson Education Limited
_c1999
300 _a276
365 _bRs.1454.63/-
650 _aLearning and teaching strategies
650 _aTechnologies of Learning
650 _aWhat is Learning
700 _aJohn, West Burnham
942 _2ddc
_cBK
999 _c187401
_d187401